| 000 | 00361nam a2200145Ia 4500 | ||
|---|---|---|---|
| 008 | 230711s9999||||xx |||||||||||||| ||und|| | ||
| 041 | _aENG | ||
| 082 |
_a624 _bGO-E |
||
| 100 | _aGoodchild,Parks | ||
| 245 | 0 | _aEnvironmental modeling with GIS | |
| 250 | _a1st | ||
| 260 |
_c1993 _aNew York _bOxford University Press |
||
| 650 | _aCivil Engineering | ||
| 942 | _cBK | ||
| 999 |
_c3541 _d3541 |
||